OPAC Home

ගුණසිංහ මහතා සහ දිනමිණ (Record no. 152434)

MARC details
000 -LEADER
fixed length control field 00521nam a22001577a 4500
003 - CONTROL NUMBER IDENTIFIER
control field LK-CoDNM
005 - DATE AND TIME OF LATEST TRANSACTION
control field 20240920100235.0
008 - FIXED-LENGTH DATA ELEMENTS--GENERAL INFORMATION
fixed length control field 240920b |||||||| |||| 00| 0 eng d
040 ## - CATALOGING SOURCE
Original cataloging agency LK-CoDNM
Modifying agency LK-CoDNM
Description conventions LK-CoDNM
041 ## - LANGUAGE CODE
Language code of text/sound track or separate title Sinhala; Sinhalese
942 ## - ADDED ENTRY ELEMENTS (KOHA)
Koha item type Books
100 ## - MAIN ENTRY--PERSONAL NAME
Personal name වෑකඩ පී.ගුණසිංහ
245 ## - TITLE STATEMENT
Title ගුණසිංහ මහතා සහ දිනමිණ
260 ## - PUBLICATION, DISTRIBUTION, ETC. (IMPRINT)
Place of publication, distribution, etc. චන්ද්‍රායන්ත්‍ර මුද්‍රණාලය
Name of publisher, distributor, etc. පානදුර
300 ## - PHYSICAL DESCRIPTION
Extent 16p ; 21cm

No items available.

Copyright © 2023 Department of National Museum, Colombo 07, Sri Lanka Funded by UNESCO IFAP UNESCO